[Event "Sparkassen Open A"]
[Site "Dortmund GER"]
[Date "2011.07.23"]
[Round "1.30"]
[White "Butschek, Marc"]
[Black "Linker, Walter"]
[Result "0-1"]
[WhiteElo "1891"]
[BlackElo "2112"]
[WhiteFideId "4630904"]
[BlackFideId "24619280"]
[EventDate "2011.07.23"]

1. e4 e5 2. Nf3 Nc6 3. Bb5 a6 4. Bxc6 dxc6 5. O-O Qd6 6. c3 Bg4 7. h3 Bh5 8. d4
exd4 9. cxd4 Bxf3 10. Qxf3 Qxd4 11. Rd1 Qf6 12. Qg3 Bc5 13. Bf4 Ne7 14. Nc3 Rc8
15. Rd2 O-O 16. Bxc7 Ng6 17. Rad1 Rfe8 18. Na4 Ba7 19. Nb6 Bxb6 20. Bxb6 Rxe4
21. Rd8+ Re8 22. Rxe8+ Rxe8 23. Qc7 h6 24. Qxb7 Qxb2 25. Qxc6 Re6 26. Qc8+ Kh7
27. Bd4 Qxa2 28. Qc3 Nf4 29. Kh2 Rg6 30. Qf3 Nxg2 31. Rg1 Qd2 32. Bxg7 Qf4+ 33.
Qxf4 Nxf4 34. Rxg6 Kxg6 35. Bc3 Nd5 36. Ba5 Ne7 37. Kg3 Nc6 38. Bc3 a5 39. Kf4
f5 40. h4 h5 41. Ke3 a4 42. Kd3 f4 43. Ke4 a3 44. Kxf4 a2 45. Ke4 Ne7 46. Kd3
Nf5 47. Kc2 Nxh4 48. Kb2 Nf3 49. Ba5 h4 50. Bc7 Kf5 51. Bg3 h3 52. Kxa2 Ke4 53.
Kb3 Nd4+ 54. Kc4 Nf5 55. Bh2 Kf3 56. Kd5 Kxf2 0-1

[Event "Sparkassen Open A"]
[Site "Dortmund GER"]
[Date "2011.07.23"]
[Round "1.31"]
[White "Schorra, Helmut"]
[Black "Oberste, Norbert"]
[Result "1-0"]
[WhiteElo "2110"]
[BlackElo "1865"]
[WhiteFideId "4648692"]
[BlackFideId "24608432"]
[EventDate "2011.07.23"]

1. e4 e6 2. d4 d5 3. e5 c5 4. c3 Nc6 5. Nf3 cxd4 6. cxd4 Bb4+ 7. Nc3 Qc7 8. Bd3
h5 9. O-O a6 10. Be3 Nh6 11. Rc1 Nf5 12. Bxf5 Bxc3 13. Rxc3 exf5 14. b4 Qe7 15.
a3 Be6 16. h4 f6 17. exf6 gxf6 18. Bf4 Kf7 19. Re1 Rae8 20. Rce3 Qf8 21. Qb3 Qg7
22. g3 Nd8 23. Bd6 Kg6 24. Qc2 Qd7 25. Bf4 Rh7 26. Qe2 Rhe7 27. Nd2 Nc6 28. Nb3
Bf7 29. Nc5 Rxe3 30. fxe3 Qc8 31. Qd2 b6 32. Na4 Qb7 33. Rc1 Rc8 34. Rc2 Be6 35.
Qc1 Bd7 36. Bd6 Na7 37. Nb2 Rxc2 38. Qxc2 Qc6 39. Qxc6 Bxc6 40. Bc7 Nc8 41. Nd3
Be8 42. Nf4+ Kg7 43. Nxd5 b5 44. Bb8 Kf7 45. Kf2 Ke6 46. Nc7+ 1-0

[Event "Sparkassen Open A"]
[Site "Dortmund GER"]
[Date "2011.07.23"]
[Round "1.33"]
[White "Topp, Michael"]
[Black "Deinert, Wolfgang"]
[Result "1-0"]
[WhiteElo "2102"]
[BlackElo "1843"]
[WhiteFideId "4689445"]
[BlackFideId "4685229"]
[EventDate "2011.07.23"]

1. c4 e5 2. g3 Nc6 3. Nc3 Nf6 4. Bg2 Bb4 5. Nd5 O-O 6. Nf3 d6 7. O-O a5 8. d3
Nd7 9. e3 e4 10. dxe4 Nde5 11. Qc2 Nxf3+ 12. Bxf3 Bh3 13. Bg2 Bxg2 14. Kxg2 h5
15. b3 h4 16. Bb2 Qd7 17. f3 Ne5 18. Bd4 Ra6 19. a3 Bc5 20. Rad1 Bxd4 21. exd4
Ng6 22. Qd2 c6 23. Nf4 Nxf4+ 24. Qxf4 Rb6 25. Rd3 Ra6 26. Rfd1 d5 27. c5 hxg3
28. hxg3 b5 29. Qd6 Qxd6 30. cxd6 dxe4 31. fxe4 f6 32. Rc1 Kf7 33. d5 cxd5 34.
Rxd5 b4 35. Rc7+ 1-0

[Event "Sparkassen Open A"]
[Site "Dortmund GER"]
[Date "2011.07.23"]
[Round "1.34"]
[White "Bosshard, Rolf"]
[Black "Evers, Leo"]
[Result "0-1"]
[WhiteElo "1842"]
[BlackElo "2101"]
[WhiteFideId "1310283"]
[BlackFideId "4633490"]
[EventDate "2011.07.23"]

1. Nf3 Nf6 2. b3 d5 3. Bb2 e6 4. e3 Bd6 5. d4 O-O 6. Bd3 b6 7. Qe2 a5 8. a3 Ba6
9. c4 Qe7 10. Nbd2 c5 11. Ne5 Nfd7 12. f4 f6 13. Nxd7 Nxd7 14. O-O Rac8 15. Rf3
f5 16. Rh3 Nf6 17. Nf3 Ne4 18. Bxe4 fxe4 19. Ng5 h6 20. dxc5 Bxc5 21. Rxh6 gxh6
22. Qh5 Bxe3+ 23. Kh1 d4 24. Qg6+ Qg7 25. Qxe6+ Kh8 26. Nxe4 Bb7 27. Ng3 Rc6 28.
Qh3 Rg6 29. Re1 Bc8 30. Qh5 Bf2 31. Rd1 Bg4 0-1

[Event "Sparkassen Open A"]
[Site "Dortmund GER"]
[Date "2011.07.23"]
[Round "1.35"]
[White "Strathoff, Jens"]
[Black "Simanowski, Mio"]
[Result "1-0"]
[WhiteElo "2098"]
[BlackElo "1833"]
[WhiteFideId "4699084"]
[BlackFideId "24687154"]
[EventDate "2011.07.23"]

1. e4 e5 2. Nf3 Nc6 3. Bc4 Bc5 4. c3 Nf6 5. d4 exd4 6. e5 d5 7. Bb5 Nd7 8. cxd4
Bb4+ 9. Bd2 Bxd2+ 10. Nbxd2 O-O 11. O-O Re8 12. Qc2 Ne7 13. Ng5 Ng6 14. f4 c6
15. Bd3 Ndf8 16. g3 f6 17. Ngf3 Bh3 18. Rf2 fxe5 19. dxe5 Qd7 20. Ng5 Qg4 21.
Nxh3 Qxh3 22. Bf5 Qh6 23. Nf3 Ne7 24. Bd3 g6 25. Ng5 Nd7 26. Ne6 Rac8 27. b4 Kh8
28. Ng5 Kg8 29. Re1 Rf8 30. e6 Nf6 31. Nf7 Qg7 32. Qc5 Rc7 33. Qxa7 Ng4 34. Rfe2
Qc3 35. Qb6 Rcc8 36. Qc5 Qxd3 37. Qxe7 Qd4+ 38. Kg2 b6 39. Ng5 Qg7 40. Qf7+ Qxf7
41. exf7+ Kh8 42. Re8 Nf6 43. Rxf8+ Rxf8 44. Re6 Kg7 45. Rxc6 Ra8 46. Rxf6 Kxf6
47. f8=Q+ Rxf8 48. Nxh7+ 1-0

[Event "Sparkassen Open A"]
[Site "Dortmund GER"]
[Date "2011.07.23"]
[Round "1.36"]
[White "Fluechter, Gregor"]
[Black "Neuer, Thomas"]
[Result "0-1"]
[WhiteElo "1832"]
[BlackElo "2096"]
[WhiteFideId "12903396"]
[BlackFideId "24604089"]
[EventDate "2011.07.23"]

1. e4 e6 2. d4 d5 3. exd5 exd5 4. c4 Nf6 5. Nc3 Bb4 6. Nf3 O-O 7. Be2 Bg4 8. O-O
Nc6 9. a3 Be7 10. c5 Ne4 11. Be3 Qd7 12. Rc1 Bf6 13. b4 a6 14. Qb3 Rad8 15. Rfd1
Rfe8 16. a4 Ne7 17. b5 axb5 18. axb5 Ng6 19. c6 bxc6 20. bxc6 Qe6 21. Qc2 Nxc3
22. Qxc3 Rb8 23. Qa5 Rb6 24. Rc5 Rd8 25. Rdc1 Be7 26. R5c2 Bf5 27. Ra2 Rxc6 28.
Raa1 Rxc1+ 29. Rxc1 Bd6 30. g3 h6 31. Nd2 Ne7 32. Nb3 Bh3 33. Bf3 Rb8 34. Nc5
Qf5 35. Bg2 Bxg2 36. Kxg2 Rb1 37. Rxb1 Qxb1 38. Qc3 Qb5 39. Nd3 Qc4 40. Qd2 Nf5
41. Nf4 Bxf4 42. Bxf4 Qxd4 43. Qxd4 Nxd4 44. Bxc7 Ne6 45. Bb6 Kf8 46. Kf3 Ke7
47. Ke3 Kd6 48. f4 Kc6 49. Ba5 Kb5 50. Bc3 Kc5 51. Be5 d4+ 52. Kd2 g6 53. g4 Kd5
54. h4 Ke4 55. h5 gxh5 0-1

[Event "Sparkassen Open A"]
[Site "Dortmund GER"]
[Date "2011.07.23"]
[Round "1.39"]
[White "Albers, Damian"]
[Black "Niediek, Cedric"]
[Result "1-0"]
[WhiteElo "2091"]
[BlackElo "1820"]
[WhiteFideId "4695186"]
[BlackFideId "12936685"]
[EventDate "2011.07.23"]

1. d4 d5 2. Nf3 Nf6 3. c4 e6 4. Nc3 Be7 5. Bg5 O-O 6. e3 b6 7. cxd5 Nxd5 8. Nxd5
exd5 9. Bxe7 Qxe7 10. Qb3 Be6 11. Bb5 a6 12. Be2 Nd7 13. O-O f5 14. Rfc1 Ra7 15.
Rc6 Nb8 16. Rc3 g5 17. Ne5 g4 18. Rac1 Rf6 19. g3 Rh6 20. Qc2 Qe8 21. Rxc7 Qh5
22. h4 Rxc7 23. Qxc7 Qe8 24. Qxb6 Rf6 25. Rc7 Kh8 26. Rb7 Rf8 27. Qc7 Bf7 28.
Nxf7+ Rxf7 29. Qxf7 Qxf7 30. Rxf7 1-0

[Event "Sparkassen Open A"]
[Site "Dortmund GER"]
[Date "2011.07.23"]
[Round "1.44"]
[White "Brehm, Stefan"]
[Black "Virnyi, Julius"]
[Result "0-1"]
[WhiteElo "1760"]
[BlackElo "2081"]
[WhiteFideId "1271613"]
[BlackFideId "24650919"]
[EventDate "2011.07.23"]

1. d4 Nf6 2. c4 g6 3. Nc3 Bg7 4. e4 d6 5. Be2 O-O 6. Nf3 e5 7. O-O Nc6 8. d5 Ne7
9. Ne1 Ne8 10. Nd3 f5 11. f3 f4 12. Bd2 g5 13. Be1 Rf7 14. Bf2 Bf8 15. c5 Rg7
16. Rc1 h5 17. cxd6 cxd6 18. Nb5 g4 19. Kh1 Bd7 20. Qb3 g3 21. Bg1 Ng6 22. Ne1
a6 23. Nc3 Nh4 24. Qc2 Qg5 25. Bd3 Nf6 26. Qd2 Ng6 27. hxg3 Qxg3 28. Qf2 Qg5 29.
Bh2 Ng4 30. fxg4 hxg4 31. g3 fxg3 32. Qxg3 Qxc1 33. Qf2 Qg5 34. Ng2 Rh7 35. Kg1
Be7 36. Ne2 Qh5 37. Ne3 Nh4 38. Ng3 Qg5 39. Be2 Rf8 40. Nef5 Ng6 41. Bxg4 Qxg4 0-1

[Event "Sparkassen Open A"]
[Site "Dortmund GER"]
[Date "2011.07.24"]
[Round "2.3"]
[White "Andersen, Knut"]
[Black "De Schampheleire, Glen"]
[Result "0-1"]
[BlackTitle "FM"]
[WhiteElo "2093"]
[BlackElo "2263"]
[WhiteFideId "4672666"]
[BlackFideId "208701"]
[EventDate "2011.07.23"]

1. c4 Nf6 2. Nc3 e6 3. e4 Nc6 4. Nf3 e5 5. d3 Bc5 6. Bg5 h6 7. Bh4 d6 8. Be2 g5
9. Bg3 Be6 10. a3 a5 11. Rb1 Qe7 12. Nd5 Bxd5 13. cxd5 Nd4 14. Nxd4 Bxd4 15. h4
Rg8 16. Bg4 Nxg4 17. Qxg4 Qd7 18. Qd1 O-O-O 19. Qc2 f5 20. exf5 Qxf5 21. Rc1 Bb6
22. Qe2 Rdf8 23. Rc2 Qf7 24. Qe4 gxh4 25. Bxh4 h5 26. f3 Qg7 27. g3 Qd7 28. Ke2
Rf7 29. Rcc1 Rgf8 30. Rcf1 Qb5 31. b4 Qa4 32. g4 Qc2+ 33. Ke1 Bd4 34. Qe2 Bc3+
35. Kf2 Rxf3+ 0-1

[Event "Sparkassen Open A"]
[Site "Dortmund GER"]
[Date "2011.07.24"]
[Round "2.4"]
[White "Bomans, Arno"]
[Black "Albers, Damian"]
[Result "1-0"]
[WhiteElo "2198"]
[BlackElo "2091"]
[WhiteFideId "206024"]
[BlackFideId "4695186"]
[EventDate "2011.07.23"]

1. d4 d5 2. c4 c6 3. Nf3 Nf6 4. Nc3 a6 5. a4 e6 6. g3 dxc4 7. Bg2 Nbd7 8. O-O
Bb4 9. Qc2 Qa5 10. Na2 Be7 11. Bd2 Qh5 12. Qxc4 e5 13. dxe5 Ng4 14. Bc3 Ndxe5
15. Bxe5 Nxe5 16. Nxe5 Qxe5 17. Bxc6+ Kf8 18. Bd5 Be6 19. Bxe6 fxe6 20. Rfd1 b5
21. Qc6 Kf7 22. Nc3 b4 23. Qf3+ Qf6 24. Ne4 Qxf3 25. exf3 Rhd8 26. Rxd8 Rxd8 27.
Re1 Rd3 28. Re3 Rd1+ 29. Kg2 Rb1 30. b3 Rb2 31. f4 h5 32. h3 g6 33. Kf3 Ke8 34.
Rd3 Bf8 35. Ng5 Bg7 36. Nxe6 Bc3 37. Nc7+ Kf7 38. Nxa6 Rxb3 39. Nxb4 Rxb4 40.
Rxc3 Rxa4 41. Rc7+ Ke6 42. Rc6+ Kf7 43. g4 Ra3+ 44. Kg2 hxg4 45. hxg4 Ra5 46.
Kg3 Kg7 47. Rc7+ Kg8 48. Rb7 Kf8 49. Kh4 Ra2 50. Kg5 Rxf2 51. Rb6 1-0

[Event "Sparkassen Open A"]
[Site "Dortmund GER"]
[Date "2011.07.24"]
[Round "2.7"]
[White "Sehn, Norbert"]
[Black "Luncescu, Christian"]
[Result "1/2-1/2"]
[WhiteElo "2083"]
[BlackElo "2163"]
[WhiteFideId "4695003"]
[BlackFideId "4648935"]
[EventDate "2011.07.23"]

1. d4 Nf6 2. Nf3 g6 3. g3 c6 4. Bg2 Bg7 5. O-O O-O 6. b3 d5 7. Nbd2 Ne4 8. Bb2
Nxd2 9. Qxd2 a5 10. a4 Nd7 11. Rfd1 Nf6 12. Ne5 Ne4 13. Qe1 f6 14. Nd3 Nd6 15.
Rac1 Be6 16. c3 Qc8 17. Ba3 Bh3 18. Bh1 Bh6 19. Rc2 Qf5 20. Bc1 Bxc1 21. Rdxc1
e5 22. f3 e4 23. Nf4 exf3 24. exf3 Rae8 25. Re2 Rxe2 26. Qxe2 Re8 27. Qd2 h5 28.
Re1 Rxe1+ 29. Qxe1 Kf7 30. Qc1 Qd7 31. Bg2 Bxg2 32. Kxg2 Qe7 33. Kf2 Nf5 34. Qd2
Qa3 35. Qc2 Qa1 36. Nxg6 Qh1 37. Qxf5 Qxh2+ 38. Ke3 Qg1+ 39. Ke2 Qg2+ 40. Kd3
Qf1+ 41. Kc2 Qe2+ 42. Kc1 Qe1+ 43. Kc2 Qe2+ 1/2-1/2

[Event "Sparkassen Open A"]
[Site "Dortmund GER"]
[Date "2011.07.24"]
[Round "2.8"]
[White "Pueschel, Werner"]
[Black "Zwielich, Frank"]
[Result "1/2-1/2"]
[WhiteElo "2163"]
[BlackElo "2056"]
[WhiteFideId "4647025"]
[BlackFideId "12916846"]
[EventDate "2011.07.23"]

1. c3 d5 2. d3 e5 3. g3 f5 4. Bg2 Nf6 5. Nh3 Bc5 6. O-O c6 7. d4 exd4 8. cxd4
Bd6 9. Bg5 O-O 10. Nc3 Nbd7 11. Qc2 Nb6 12. Rad1 h6 13. Bc1 Qe8 14. Nf4 g5 15.
Nd3 Qh5 16. f4 Ne4 17. Ne5 Be6 18. Bf3 g4 19. Bg2 Qe8 20. b3 h5 21. Bxe4 dxe4
22. e3 Kg7 23. Kg2 Bd5 24. Nb1 Qe7 25. Rh1 Rh8 26. h3 Rag8 27. hxg4 hxg4 28.
Rxh8 Rxh8 29. Rh1 Qf8 30. Qd1 Be6 31. Rxh8 Qxh8 32. Qh1 Qxh1+ 33. Kxh1 Nd5 34.
Bd2 Kf8 35. Kg2 Ke8 36. Kf2 Kd8 37. Ke2 Kc7 38. Ba5+ b6 39. Bc3 a5 40. Nc4 Be7
41. Bd2 Bc8 42. Kf2 Ba6 43. Ne5 Bc8 44. Ke2 Ba6+ 45. Kd1 Bc8 46. Nc4 Ba6 47. Nb2
Bc8 48. Na4 Be6 49. a3 Nxe3+ 50. Bxe3 Bxb3+ 51. Kc1 Bxa4 52. Kb2 Bb5 53. Nc3 Bc4
54. Bf2 b5 55. Nd1 Be6 56. Ne3 Bf6 57. Nc2 c5 58. Kc1 c4 59. Be1 Kb6 60. Bc3 Bd8
61. Kd2 Kc6 62. Ke2 Bb6 63. Kd2 Kd6 64. Ke2 Kc6 65. Kd2 Bd5 1/2-1/2

[Event "Sparkassen Open A"]
[Site "Dortmund GER"]
[Date "2011.07.24"]
[Round "2.9"]
[White "Kirsanova, Ekaterina"]
[Black "Schmidt, Kai-Uwe"]
[Result "1/2-1/2"]
[WhiteTitle "WFM"]
[WhiteElo "2157"]
[BlackElo "2050"]
[WhiteFideId "4168810"]
[BlackFideId "4608755"]
[EventDate "2011.07.23"]

1. d4 Nf6 2. c4 g6 3. g3 c5 4. d5 b5 5. cxb5 Bg7 6. Nc3 d6 7. Nf3 O-O 8. Bg2 a6
9. bxa6 Nxa6 10. O-O Bf5 11. Re1 Ne4 12. Nxe4 Bxe4 13. Nd2 Bxg2 14. Kxg2 Nb4 15.
Nc4 Nxa2 16. Bd2 Qc7 17. Qb1 Nb4 18. Rxa8 Rxa8 19. Bxb4 Qb7 20. Nb6 Qxb6 21. Bc3
Qb3 22. Qd3 Ra4 23. Qf3 Bxc3 24. bxc3 Rc4 25. Rc1 f5 26. Qd3 Re4 27. c4 1/2-1/2

[Event "Sparkassen Open A"]
[Site "Dortmund GER"]
[Date "2011.07.24"]
[Round "2.10"]
[White "Virnyi, Julius"]
[Black "Hobusch, Alexander"]
[Result "1/2-1/2"]
[WhiteElo "2081"]
[BlackElo "2133"]
[WhiteFideId "24650919"]
[BlackFideId "24611387"]
[EventDate "2011.07.23"]

1. d4 d5 2. c4 e6 3. Nf3 Nf6 4. g3 dxc4 5. Bg2 Nc6 6. Qa4 Bb4+ 7. Bd2 Bd6 8.
Qxc4 O-O 9. O-O e5 10. dxe5 Nxe5 11. Nxe5 Bxe5 12. Qc2 c6 13. Nc3 Qe7 14. Rad1
Re8 15. h3 Qc5 16. e4 Bc7 1/2-1/2

[Event "Sparkassen Open A"]
[Site "Dortmund GER"]
[Date "2011.07.24"]
[Round "2.11"]
[White "Koke, Christoph"]
[Black "Freise, Eckhard"]
[Result "1/2-1/2"]
[WhiteElo "2131"]
[BlackElo "2032"]
[WhiteFideId "4693213"]
[BlackFideId "4652193"]
[EventDate "2011.07.23"]

1. d4 f5 2. g3 g6 3. Bg2 Bg7 4. Nf3 a5 5. O-O Nf6 6. b3 d6 7. Bb2 O-O 8. Nbd2
Bd7 9. c4 Na6 10. Ne1 c6 11. Nd3 Nb4 12. Nc1 e5 13. a3 Na6 14. dxe5 Ng4 15. Nd3
Nxe5 16. Nxe5 dxe5 17. e4 f4 18. Qc2 Qb6 19. Nf3 Rae8 20. Bc3 Bg4 21. Kh1 Qc5
22. h3 Bxf3 23. Bxf3 fxg3 24. fxg3 Rd8 25. Kg2 h5 1/2-1/2

[Event "Sparkassen Open A"]
[Site "Dortmund GER"]
[Date "2011.07.24"]
[Round "2.12"]
[White "Zimmermann, Dirk"]
[Black "Kropp, Andreas Juergen"]
[Result "1-0"]
[WhiteElo "2075"]
[BlackElo "2126"]
[WhiteFideId "4677498"]
[BlackFideId "1271711"]
[EventDate "2011.07.23"]

1. e4 c5 2. Nf3 e6 3. d3 Nc6 4. g3 Nf6 5. Bg2 Be7 6. O-O O-O 7. Re1 d6 8. c3 Qc7
9. d4 cxd4 10. cxd4 d5 11. exd5 Nxd5 12. Nc3 Nxc3 13. bxc3 Na5 14. Bd2 Nc4 15.
Ne5 Nxe5 16. Rxe5 Rb8 17. Rc1 Bd7 18. Bf4 Bd6 19. Rc5 Bc6 20. Bxd6 Qxd6 21. Bxc6
bxc6 22. Qa4 Rfc8 23. Qxa7 g6 24. Qa6 h5 25. h4 Qd7 26. a4 Rc7 27. Qc4 Kf8 28.
a5 Ra7 29. Ra1 Rb5 30. Rxb5 cxb5 31. Qb4+ Ke8 32. Rb1 Rc7 33. a6 Ra7 34. Qa5 Qc6
35. Rxb5 Qxa6 36. Rb8+ Kd7 37. Qxa6 Rxa6 38. Rb7+ Kd6 39. Rxf7 Kd5 40. Rf6 Ke4
41. Kg2 Kd3 1-0

[Event "Sparkassen Open A"]
[Site "Dortmund GER"]
[Date "2011.07.24"]
[Round "2.14"]
[White "Linker, Walter"]
[Black "Schmitz, Tim"]
[Result "1-0"]
[WhiteElo "2112"]
[BlackElo "1934"]
[WhiteFideId "24619280"]
[BlackFideId "1270221"]
[EventDate "2011.07.23"]

1. b3 e5 2. Bb2 d5 3. Bxe5 Nc6 4. Bb2 Nf6 5. e3 Bd6 6. Nf3 Qe7 7. Be2 Bd7 8. O-O
O-O-O 9. c4 dxc4 10. bxc4 Nb8 11. d4 c5 12. Nc3 Nc6 13. Nb5 Bg4 14. d5 Bb8 15.
Qa4 Bxf3 16. Bxf3 Ne5 17. Nxa7+ Bxa7 18. Bxe5 Qxe5 19. Qxa7 Qd6 20. Rab1 Rd7 21.
Rb5 Re8 22. Qxc5+ Qxc5 23. Rxc5+ Rc7 24. Rxc7+ Kxc7 25. c5 Re5 26. Rd1 g5 27. h3
h5 28. g4 hxg4 29. hxg4 Kd7 30. a4 Kc7 31. a5 Ne4 32. Bxe4 Rxe4 33. Rd4 Re5 34.
e4 f6 35. f3 Kd7 36. Rb4 Kc7 37. Rb6 1-0

[Event "Sparkassen Open A"]
[Site "Dortmund GER"]
[Date "2011.07.24"]
[Round "2.15"]
[White "Maniocha, Marek"]
[Black "Schorra, Helmut"]
[Result "1-0"]
[WhiteElo "2052"]
[BlackElo "2110"]
[WhiteFideId "4636821"]
[BlackFideId "4648692"]
[EventDate "2011.07.23"]

1. d4 Nf6 2. c4 c5 3. d5 e5 4. Nc3 d6 5. e4 Be7 6. Nf3 Nbd7 7. Be2 O-O 8. O-O
Ne8 9. Ne1 g6 10. f4 exf4 11. Bxf4 Bg5 12. Qd2 Bxf4 13. Qxf4 Qe7 14. Rd1 a6 15.
Nf3 Ng7 16. Rf2 f5 17. Rdf1 Nh5 18. Qg5 Qg7 19. Nh4 f4 20. Bxh5 gxh5 21. Qxg7+
Kxg7 22. Nf5+ Rxf5 23. exf5 Ne5 24. Rxf4 Nd3 25. Rh4 Kf6 26. Rxh5 Nxb2 27. Rh6+
Kg5 28. Rxh7 Bxf5 29. Rg7+ Kf6 30. Rxb7 Nxc4 31. h3 Kg6 32. Rf4 Ne5 33. g4 Bd3
34. Ne4 c4 35. Rf6# 1-0

[Event "Sparkassen Open A"]
[Site "Dortmund GER"]
[Date "2011.07.24"]
[Round "2.16"]
[White "Richters, Marc"]
[Black "Topp, Michael"]
[Result "1-0"]
[WhiteElo "1969"]
[BlackElo "2102"]
[WhiteFideId "24612332"]
[BlackFideId "4689445"]
[EventDate "2011.07.23"]

1. e4 d6 2. d4 Nf6 3. Nc3 g6 4. Be3 Bg7 5. Qd2 c6 6. Bh6 Bxh6 7. Qxh6 Qa5 8.
O-O-O Nbd7 9. Nf3 b5 10. e5 Ng4 11. Qh4 b4 12. exd6 Ndf6 13. Ne4 Qxa2 14. Nxf6+
Nxf6 15. dxe7 Nd5 16. Bd3 Be6 17. Ne5 Nxe7 18. Qf6 Rf8 19. b3 Qa1+ 20. Kd2 Qc3+
21. Ke2 Nd5 22. Qh4 g5 23. Qxg5 f6 24. Qh6 O-O-O 25. Nf3 Rde8 26. Kf1 c5 27.
Qxh7 Re7 28. Qh4 Rg8 29. dxc5 Rg4 30. Qh6 Qxc5 31. h3 Rg8 32. Bc4 Nc3 33. Rd4
Qa5 34. g3 Rge8 35. Qxf6 Kb8 36. Kg2 Bxc4 37. Rxc4 Ne4 38. Qf4+ Ka8 39. Re1 Nc5
40. Rxe7 1-0

[Event "Sparkassen Open A"]
[Site "Dortmund GER"]
[Date "2011.07.24"]
[Round "2.18"]
[White "Hobusch, Jan"]
[Black "Strathoff, Jens"]
[Result "1/2-1/2"]
[WhiteElo "1934"]
[BlackElo "2098"]
[WhiteFideId "12907634"]
[BlackFideId "4699084"]
[EventDate "2011.07.23"]

1. d4 d5 2. Bf4 Nf6 3. e3 c6 4. Nd2 Bf5 5. c4 e6 6. Qb3 Qc8 7. h3 Be7 8. Ngf3
Nbd7 9. Be2 O-O 10. O-O Ne4 11. Rfd1 Bd6 12. Bxd6 Nxd6 13. Nh4 Bg6 14. Nxg6 fxg6
15. Bg4 Nf6 16. Bf3 Kh8 17. Qd3 Qc7 18. e4 dxc4 19. Nxc4 Nxc4 20. Qxc4 Qf4 21.
Qe2 Rad8 22. Qe3 Qh4 23. Rac1 g5 24. Rc5 h6 25. Qe2 Qf4 26. Qe3 Qh4 27. Qe2 Qf4
28. Qe3 Qc7 29. d5 exd5 30. exd5 Rde8 31. Qc1 Nd7 32. Rc3 Ne5 33. dxc6 Nxf3+ 34.
gxf3 bxc6 35. Rxc6 Qf7 36. Qc3 Re6 37. Rc7 Re7 38. Rxe7 Qxe7 39. Qd3 Qf6 40. b3
Kg8 41. Kg2 Kh8 1/2-1/2

[Event "Sparkassen Open A"]
[Site "Dortmund GER"]
[Date "2011.07.24"]
[Round "2.24"]
[White "Tran, Duc Cuong"]
[Black "Mazarov, Juergen"]
[Result "1-0"]
[WhiteElo "1974"]
[BlackElo "2172"]
[WhiteFideId "24689718"]
[BlackFideId "24617768"]
[EventDate "2011.07.23"]

1. e4 c5 2. Nf3 d6 3. d4 cxd4 4. Nxd4 Nf6 5. Nc3 a6 6. Be2 e6 7. O-O Be7 8. f4
Qc7 9. Be3 O-O 10. g4 b5 11. g5 Nfd7 12. f5 Ne5 13. f6 Bd8 14. fxg7 Kxg7 15. Bd3
Kh8 16. Qh5 Rg8 17. Rf2 Qe7 18. Raf1 Rg7 19. Nce2 Nbd7 20. Ng3 Bb7 21. Nf3 Kg8
22. Nxe5 Nxe5 23. Qh4 Rxg5 24. Bxg5 Qxg5 25. Qxg5+ Bxg5 26. Re2 Kf8 27. b3 Ke7
28. Ree1 Rc8 29. h3 Rc3 30. Ne2 Nxd3 31. cxd3 Rxd3 32. Nf4 Rd2 33. a4 bxa4 34.
bxa4 Rd4 35. Rc1 Bxe4 36. Rc7+ Ke8 37. Kh2 Rxa4 38. Kg3 Ra3+ 39. Kg4 Bd8 40. Ra7
Bf5+ 41. Kh5 e5 42. Rg1 Bg6+ 43. Nxg6 hxg6+ 44. Kh6 a5 45. Rf1 Rxh3+ 46. Kg7 Be7
47. Rb1 g5 48. Rbb7 g4 49. Rxe7+ Kd8 1-0

[Event "Sparkassen Open A"]
[Site "Dortmund GER"]
[Date "2011.07.24"]
[Round "2.25"]
[White "Wittenberg, Andreas"]
[Black "Peter, Sebastian"]
[Result "1-0"]
[WhiteElo "2166"]
[BlackElo "1974"]
[WhiteFideId "24678155"]
[BlackFideId "24643521"]
[EventDate "2011.07.23"]

1. Nf3 b6 2. g3 Bb7 3. Bg2 Nf6 4. d4 e6 5. O-O Be7 6. c4 O-O 7. d5 d6 8. Nc3 e5
9. e4 c6 10. Ne1 cxd5 11. exd5 Ne8 12. f4 exf4 13. Bxf4 Nd7 14. Nf3 Rc8 15. b3
a6 16. Rc1 b5 17. cxb5 Qb6+ 18. Kh1 axb5 19. Nd4 b4 20. Nc6 Bxc6 21. dxc6 Ndf6
22. Na4 Qa7 23. Re1 d5 24. Be3 Qa8 25. Nb6 1-0

[Event "Sparkassen Open A"]
[Site "Dortmund GER"]
[Date "2011.07.24"]
[Round "2.26"]
[White "Mackowiak, Sascha"]
[Black "Baumhackel, Mario"]
[Result "1/2-1/2"]
[WhiteElo "1964"]
[BlackElo "2157"]
[WhiteFideId "24619299"]
[BlackFideId "4636953"]
[EventDate "2011.07.23"]

1. d4 d5 2. c4 dxc4 3. Nf3 Nf6 4. e3 Bg4 5. Bxc4 e6 6. h3 Bh5 7. Qb3 Bxf3 8.
gxf3 Qc8 9. Nc3 a6 10. Rg1 b5 11. Be2 Nbd7 12. Ne4 Nxe4 13. fxe4 c5 14. Bd2 g6
15. Rc1 Qb8 16. Rg3 Be7 17. e5 1/2-1/2

[Event "Sparkassen Open A"]
[Site "Dortmund GER"]
[Date "2011.07.24"]
[Round "2.27"]
[White "Henrotte, Nils"]
[Black "Beutelhoff, Josef"]
[Result "1/2-1/2"]
[WhiteElo "1951"]
[BlackElo "2128"]
[WhiteFideId "12923311"]
[BlackFideId "4621336"]
[EventDate "2011.07.23"]

1. d4 Nf6 2. c3 d5 3. Bf4 Bf5 4. e3 c6 5. Qb3 Qb6 6. Qxb6 axb6 7. Nd2 b5 8. Be2
Nbd7 9. a3 e6 10. Rc1 Nb6 11. Bd1 Na4 12. Bxa4 Rxa4 13. Ngf3 h6 14. h3 Ne4 15.
Nxe4 Bxe4 16. O-O f6 17. Nd2 Bh7 18. f3 g5 19. Bg3 Bg7 20. e4 O-O 21. exd5 cxd5
22. Rfe1 Re8 23. Nb3 b6 24. h4 gxh4 25. Bxh4 h5 26. Bf2 Bf5 27. Be3 Ra7 28. Kf2
Bf8 29. Rh1 Rh7 30. Rce1 Bd6 31. g3 Ree7 32. Rh4 Reg7 33. Bf4 Be7 34. Rh2 Bd8
35. Nd2 Re7 36. Nf1 Bg6 1/2-1/2

[Event "Sparkassen Open A"]
[Site "Dortmund GER"]
[Date "2011.07.24"]
[Round "2.28"]
[White "Schiefelbusch, Dirk"]
[Black "Moeller, Jeremy"]
[Result "1-0"]
[WhiteElo "2128"]
[BlackElo "1863"]
[WhiteFideId "4694139"]
[BlackFideId "24692913"]
[EventDate "2011.07.23"]

1. Nf3 d5 2. d4 e6 3. Bg5 Nf6 4. e3 Be7 5. c4 c6 6. Nc3 Nbd7 7. cxd5 exd5 8. Bd3
O-O 9. Qc2 h6 10. Bh4 Re8 11. O-O Ne4 12. Bxe7 Qxe7 13. Rab1 Ndf6 14. b4 Bf5 15.
Rfc1 Rac8 16. Ne5 Rc7 17. Rb2 Nxc3 18. Bxf5 Nb5 19. a4 Nd6 20. Bd3 Rec8 21. Qb3
Nd7 22. Nxd7 Qxd7 23. Rbc2 a6 24. a5 Re8 25. Re2 Qc8 26. Rce1 Rce7 27. Bb1 Qe6
28. Qd3 Qe4 29. Qxe4 Nxe4 30. Rc1 Nd6 31. Bd3 Nb5 32. Bxb5 axb5 33. a6 Ra8 34.
Ra2 Rxa6 35. Rxa6 bxa6 36. Rxc6 Re6 37. Rc5 Rd6 38. Kf1 Kf8 39. Ke2 Ke7 40. Kd3
f5 41. h4 g6 42. Ke2 Ke6 43. Kf3 Kf6 44. Rc7 Ke6 45. Rh7 Kf6 46. h5 Kg5 47. hxg6
Kxg6 48. Rc7 Kg5 49. g3 h5 50. Rc8 a5 51. bxa5 Ra6 52. Rc5 Rxa5 53. Rxd5 Kf6 54.
Kf4 Ra2 55. Rxf5+ Ke6 56. f3 Kd6 57. Rxb5 1-0